Vogais e consoantes de mãos dadas (Registo nº 3991)

Detalhes MARC
000 -Etiqueta do registo
Cabeçalho 00770nam0a2200265 4500
005 - Identificador da versão
Campo de controlo 20240813122050.0
010 ## - Número internacional normalizado dos livros (ISBN)
Número (ISBN) 9726105595
021 ## - Número do Depósito Legal
Código do país PT
Número 185296/02
100 ## - Dados gerais de processamento
Dados gerais de processamento 20190312d2002 bc d0pory5003 ba
102 ## - Pais de publicação ou produção
País de publicação Portugal
101 0# - Língua de publicação
Língua do texto, banda sonora, etc. Português
215 ## - Descrição física 
Indicação específica da natureza do documento e extensão da espécie 25, [4] p.
Outras indicações físicas il. color
200 1# - Titulo e menção de responsabilidade
Título próprio Vogais e consoantes de mãos dadas
Primeira menção de responsabilidade Glória Maria Marreiros
Outras menções de responsabilidade il. Elsa Navarro
225 1# - Colecção 
Título próprio da colecção Palmo e meio
Indicação de volume 24
205 ## - Menção da edição
Menção da edição 1ª ed
210 ## - Publicação, Distribuição, etc. 
Lugar da edição, distribuição, etc. Porto
Nome do editor, distribuidor, etc. Campo das Letras
Data da publicação, distribuição, etc. 2002
606 ## - Nome comum usado como assunto
Número de registo de entrada de autoridade 0001335
Palavra de ordem Literatura portuguesa
Subdivisão de assunto Conto
Código do sistema CA
675 ## - Classificação Decimal Universal (CDU)
Notação 821.134.3-34
Edição 3ª ed.
Língua da edição por
702 #1 - Nome de autor-pessoa física (responsabilidade secundária)
Número de registo de entrada de autoridade 0000099
Palavra de ordem Navarro
Outra parte do nome não tomada para palavra de ordem Elsa
Código de função Ilustrador / Técnico de desenho computorizado
700 #1 - Nome de autor-pessoa física (responsabilidade principal)
Número de registo de entrada de autoridade 0002086
Palavra de ordem Marreiros
Outra parte do nome não tomada para palavra de ordem Glória Maria
Datas 1929-
966 ## - Identificação da Biblioteca
Sigla EBVEN
942 ## - Elementos de entrada adicionados (Koha)
Tipo de item no Koha Livro
Exemplares
Situação do levantamento Origin of item (home branch) (coded) Biblioteca de empréstimo Código de barras Cota Data de devolução Circulation type (not for loan) Tipo de documento Nota do exemplar Damaged status
  Biblioteca Escolar das Vendas Biblioteca Escolar das Vendas BEV662 8POR MAR     Livro Sem mensagem